000 00191 a2200097 4500
001 8401
100 _aBoerw, G
245 _aBorrow selections
260 _a
_bOxford
_c
090 _c6771
_d6771
942 _aNUST-CAE
_cM
_c33346
999 _c243474
_d243474